Smith and Keenan's law for business / (Record no. 6211)

MARC details
000 -LEADER
fixed length control field 01134cam a2200373Ma 4500
001 - CONTROL NUMBER
control field ocn794965018
003 - CONTROL NUMBER IDENTIFIER
control field OCoLC
005 - DATE AND TIME OF LATEST TRANSACTION
control field 20210125113324.0
008 - FIXED-LENGTH DATA ELEMENTS--GENERAL INFORMATION
fixed length control field 070315s2006 nyu 001 0 eng d
040 ## - CATALOGING SOURCE
Original cataloging agency ILZAC
Language of cataloging eng
Transcribing agency ILZAC
Modifying agency OCLCQ
-- EUX
-- OCLCF
-- OCLCO
-- OCLCQ
020 ## - INTERNATIONAL STANDARD BOOK NUMBER
International Standard Book Number 1405824042
020 ## - INTERNATIONAL STANDARD BOOK NUMBER
International Standard Book Number 9781405824040
029 1# - (OCLC)
OCLC library identifier ZWZ
System control number 120531399
035 ## - SYSTEM CONTROL NUMBER
System control number (OCoLC)794965018
043 ## - GEOGRAPHIC AREA CODE
Geographic area code e-uk---
050 #4 - LIBRARY OF CONGRESS CALL NUMBER
Classification number KD1629.5
Item number .K44 2006
049 ## - LOCAL HOLDINGS (OCLC)
Holding library TZAA
100 1# - MAIN ENTRY--PERSONAL NAME
Personal name Keenan, Denis J.
245 10 - TITLE STATEMENT
Title Smith and Keenan's law for business /
Statement of responsibility, etc Denis J. Keenan, Kenneth Smith.
246 3# - VARYING FORM OF TITLE
Title proper/short title Smith & keenan's law for business
246 3# - VARYING FORM OF TITLE
Title proper/short title Law for business
250 ## - EDITION STATEMENT
Edition statement 13th ed.
260 ## - PUBLICATION, DISTRIBUTION, ETC. (IMPRINT)
Place of publication, distribution, etc New York :
Name of publisher, distributor, etc Pearson Longman,
Date of publication, distribution, etc 2006.
300 ## - PHYSICAL DESCRIPTION
Extent xli, 682 pages
336 ## -
-- text
-- txt
-- rdacontent
337 ## -
-- unmediated
-- n
-- rdamedia
338 ## -
-- volume
-- nc
-- rdacarrier
500 ## - GENERAL NOTE
General note Includes index.
650 #0 - SUBJECT ADDED ENTRY--TOPICAL TERM
Topical term or geographic name as entry element Commercial law
Geographic subdivision Great Britain.
650 #7 - SUBJECT ADDED ENTRY--TOPICAL TERM
Topical term or geographic name as entry element Commercial law.
Source of heading or term fast
-- (OCoLC)fst00869502
9 (RLIN) 13554
651 #7 - SUBJECT ADDED ENTRY--GEOGRAPHIC NAME
Geographic name Great Britain.
Source of heading or term fast
-- (OCoLC)fst01204623
700 1# - ADDED ENTRY--PERSONAL NAME
Personal name Smith, Kenneth.
994 ## -
-- C0
-- TZACH

No items available.

African Court on Human and Peoples' Rights | For Inquiries Contact » +255 272 510 510